000 01086njm a22002657a 4500
005 20100901115333.0
006 a|||||r|||||00| 0
007 sd ammalaaahaa
008 100901t xxu||||| |||| 00| 0 eng d
028 _aN 52088
_bHis Master's Voice
035 _aGR-528
040 _aSED
_cSED
100 _917891
_aDey, Manna
245 _aBasant Bahar /
_h[Sound recording]
_bby Manna Dey ; music by Shankar Jaikishan ; lyrices by Shailendra
246 _aबसंत बहार / मन्ना डे
260 _aDUM DUM, India
_bHis Master's Voice
300 _a1 Sound disc [Gramophone Recording] :
_banalog, 33 1/3 rpm
_c9.5 in. (MP)
_fGramophone Record
500 _aBrief record
505 _aSide-1 सुर वा सजे (sur va saje) Side-2 दुनिया न भाये (duniya n bhaye )(Manna Dey)
650 _aClassical music
_xExcerpts
_zIndia
_917892
700 _918192
_aJaikishan, Shankar
700 _aShailendra
_918311
942 _2ddc
_cGR
999 _c43732
_d43732